00250nam a2200085Ia 4500008004100000100002400041245006100065260002900126300000900155190216s9999||||xx |||||||||||||| ||und|| aSharma & Khanna 0aSuper Guide State Bank Probationary Officers Examination bKumar Publicationsc1985 a255p